000 00605nam a2200217Ia 4500
005 20230127104341.0
008 131103s9999 xx 000 0 und d
020 _a81-85229-44-9
_cRs. 90
040 _aLoreto College
041 _aEnglish
082 _a954.01
_bHAB
245 _aPrehistory
_cIrfan Habib
260 _aNew Delhi
_bTulika
_c2001
300 _ax,76p, illus 24 cm.
440 _aPeople's History of India
504 _aPublished by Aligarh Historians Society. Includes index
650 _aIndia-History, ancient
700 _aHabib, Irfan, auth.
850 _aLCLIB
942 _cBK
999 _c2104
_d52583